| 000 | 01458cam a2200361 i 4500 | ||
|---|---|---|---|
| 001 | 128835 | ||
| 005 | 20230410123921.0 | ||
| 008 | 140709s2017 mx b 001 0 spa d | ||
| 035 | _a18217134 | ||
| 010 | _a 2014380635 | ||
| 020 | _a9786078517190 | ||
| 035 | _a(OCoLC)ocn869920677 | ||
| 040 |
_aAZU _beng _cTEF _dDLC _erda _dDLC |
||
| 041 | _aEng | ||
| 042 | _alccopycat | ||
| 043 | _an-mx--- | ||
| 050 | 1 | 4 |
_aLA 422 _bR332 2017 |
| 082 | 0 | 0 | _a370.972 |
| 111 | 2 |
_aSeminario Internacional "Reforma Educativa ¿Qué Estamos Transformando?" _d(2017 : _cMexico City, Mexico), _jauthor. |
|
| 245 | 1 | 0 |
_aReforma educativa : _b¿qué estamos transformando? : debate informado / _cGloria Del Castillo, Giovanna Valenti Nigrini (coordinadoras) ; [autores], María del Carmen Pardo [and eight others]. |
| 250 | _a1a ed. | ||
| 260 |
_aMéxico, D.F. : _bFLACSO México, _c2017. |
||
| 300 |
_a189 p. ; _c23 cm |
||
| 504 | _aIncludes bibliographical references. | ||
| 650 | 0 |
_aEducational change _zMexico _vCongresses. |
|
| 650 | 4 |
_aCambio educacional _zMéxico _vCongresos, conferencias, etc. |
|
| 700 | 1 |
_aCastillo Alemán, Gloria Del, _eed. |
|
| 700 | 1 |
_aValenti Nigrini, Giovanna, _eed. |
|
| 700 | 1 | 2 |
_iContainer of (work): _aPardo, María del Carmen. _tDifícil profesionalización del magisterio por la vía "profesional." |
| 856 | 4 | 1 |
_3Table of contents only _uhttp://www.loc.gov/catdir/toc/fy14pdf02/2014380635.html |
| 942 |
_2lcc _cbk |
||
| 946 | _advf | ||
| 999 |
_c68183 _d68183 |
||